000 00520cam a22001217a 4500
008 180718b-- xxu||||| |||| 00| 0 eng d
082 _aT2068x5414 Or4
245 _aA report on annual survey of industries in Orissa (organised factory sector)
_cby Directorate of Economics and Statistics, Orissa
260 _aBhubaneswar
_bTHe Author
_c--
500 _aLibrary has 1970, 1989/90, 1991/92, 1993/94, 1995/96-1997/98
650 _aIndustrial surveys - India - Orissa
700 _aOrissa. Directorate of Economics and Statistics
999 _c483829
_d483829